000 01629cab a2200229 4500
001 ##L133874
008 060615n2006 000 0 eng u
035 _a(Sirsi) u133874
041 0 _aeng
110 1 _aUnited Kingdom
_bDepartment for Communities and Local Government
_94939
245 0 0 _aCompulsory energy rating for homes
_h[electronic resource]
260 _c2006
490 0 _aDCLG News Release
_v(2006/0028) 14 June 2006
520 _aGovernment has announced that energy ratings similar to consumer-friendly fridge ratings will have to be produced for every home bought and sold in England and Wales from June 2007. A new Energy Performance Certificate (EPC) has been launched which will form part of the home condition report within the home information packs coming on stream in 2007. The certificates will give home buyers and sellers A to G ratings for their home's energy efficiency and carbon emissions. The reports prepared by qualified home inspectors will advise consumers on which energy measures could cut carbon emissions from their home and improve their energy rating. Provides link to a sample EPC.
590 _aIKA200606 NTK
650 2 4 _aRESIDENTIAL ENERGY PERFORMANCE CERTIFICATES
650 2 4 _aHOUSING ACT 2004 PART V
651 4 _aEngland and Wales
_y1543-
690 _aPROPERTY-RESIDENTIAL PROPERTY-ACQUISITION AND DISPOSAL OF RESIDENTIAL PROPERTY-HOME BUYING REFORM
856 4 0 _uhttps://webarchive.nationalarchives.gov.uk/+/http://www.communities.gov.uk/index.asp?id=1002882&PressNoticeID=2174
_zView the news release free of charge at webarchive.nationalarchives.gov.uk
942 _n0
999 _c77240
_d77240